000 00774nam a2200289Ia 4500
001 19212
003 IT-RoPAU
008 130308s9999 xx 000 0 und d
040 _aIT-RoPAU
040 _cIT-RoPAU
041 _aITALIANO
100 _aDille Denis
100 _gCodice Aut. SPICS: 5561
245 _aDocumenti sui rapporti tra Bartok e Busoni
245 _bBela Bartok: Il Musicista Il Didatta Il Ricercatore
250 _a1a ed.
260 _aMILANO
260 _bRicordi
260 _c1981 [1° Ed.:1981 - Ed.Ling.Originale:1981]
300 _a"10 p. (prefazione: no ; testo: 10 [pagine: 38-47])"
650 _aAUTORI/OPERE DI MUSICA
650 _eCodice materia Spics: 7007
942 _cBK
957 _71
999 _c58710
_d58710
999 _bSI
999 _g1